00474 a2200157 4500003000500000005001700005020001500022040000900037082001700046100002700063245007900090260003700169300001200206505008400218650001400302NUST20230126131721.0 a9698125019 cNust a909.0954,HAS aHassan, Mohammad Usman aMehergarh:bthe oldest civilization in south asia /cMohammad Usman Hassan aRawalpindibArmy Education press a121:p.' aIntroduction (Page-1), Photographs (Page-14), Figures (Page-10), Map (Page-9).  aMehergarh